Defensa colectiva en América y Europa: el Tratado de Río y el Pacto del Atlántico

Gardado en:
Detalles Bibliográficos
Autor Principal: Cocca, Aldo Armando (Author)
Formato: Libro
Idioma:Lingua castelá
Publicado: Buenos Aires Abeledo-Perrot 1961
Subjects:
Tags: Engadir etiqueta
Sen Etiquetas, Sexa o primeiro en etiquetar este rexistro!

MARC

LEADER 00000nam a2200000 a 4500
001 UCT9202
003 CL-VaPUC
008 970404e19610000ag |||||||||||||||||spa|d
082 0 4 |a 341.026  |b COC  |2 21 
100 0 |a Cocca, Aldo Armando  |e author  |9 381689 
245 1 0 |a Defensa colectiva en América y Europa: el Tratado de Río y el Pacto del Atlántico 
300 |a 106 p 
942 |c BK 
945 |d 19970404 00:00:00  |a cmena 
260 |a Buenos Aires  |b Abeledo-Perrot  |c 1961 
650 0 |a Tratados internacionales   |9 256056 
650 0 |a Cooperación internacional  |9 255447 
650 0 |a Relaciones Internacionales  |9 255740 
650 0 |a Paz  |9 259242 
650 0 |a Guerra  |9 255876 
650 7 |a CONFLICTOS INTERNACIONALES  |2 CL-VaPUC  |9 334143 
650 7 |a EQUIPO MILITAR  |2 CL-VaPUC  |9 378953 
650 0 |a Justicia   |9 255408 
650 0 |a Derecho internacional  |9 255637 
583 |a last modification  |c 20171004 01:12:34  |k Rodrigo Vera 
999 |c 257621  |d 257619 
952 |0 0  |1 0  |4 0  |6 341_026000000000000_COC_1961  |7 0  |8 A  |9 281171  |a BIBDER  |b BIBDER  |d 2019-11-19  |i 182399K  |o 341.026 COC 1961  |p 182399K  |r 2023-01-25  |w 2019-11-19  |y BK  |k DER